=LDR 00000nam 2200000 4500 =001 INLIS000000000009886 =005 20130612101641 =008 ***********************************Ind** =035 ##$$a0010-061300000009886 =041 ##$$a Ind =082 ##$$a 342.7 =090 ##$$a 342.7, Mar p =100 ##$$a Marbun, SF =245 ##$$a Pokok-pokok hukum administrasi negara, SF Marbun =260 ##$$a 2000 $b Yogyakarta =300 ##$$a 214 hlm, ilus, 21 cm =650 ##$$a Hukum tata negara =850 ##$$a NBPNMAT =990 ##$$a 91976/BPAP-NTB/2014